00417cam a2200133 a 4500020001500000040000800015082002600023100002200049245004600071260009400117300002100211650002500232650002600257 a0517146975 cDLC00a823 WIN 1995 A120 Or.1 aLe Carré, John,10aJohn le Carré :bthree complete novels. aNew York :bWings Books ;aAvenel, N.J. :bDistributed by Random House Value Pub.,c1995. a952 p. ;c24 cm. 0aIntelligence service 0aSpy stories, English.